| 000 | 01071nam a22002297a 4500 | ||
|---|---|---|---|
| 005 | 20100723100918.0 | ||
| 010 | _aHIN-89790 | ||
| 020 | _c150.00 | ||
| 035 | _aHN-62136 | ||
| 037 | _bDBAD/PUB | ||
| 082 | _a821 | ||
| 100 |
_aपुरोहित, नलिनी _9860 |
||
| 245 |
_aसौंधी महक: _cनलिनी पुरोहित _bकाव्य संग्रह / |
||
| 246 |
_aSaundhi mahak _bby Nalini Purohit |
||
| 260 |
_aअहमदाबाद _bराहुल प्रकाशन _c2009 |
||
| 270 |
_aसी-74, साईंधाम टेनामेन्ट, वस्त्राल रोड _bअहमदाबाद _e382418 _k65444460, 9276258760 |
||
| 300 |
_a140पृ. _b22सेमी (सजिल्द) _cसचित्र |
||
| 650 |
_aहिन्दी कविता _9697 |
||
| 650 |
_aHindi Poetry _9698 |
||
| 942 |
_2ddc _cHN _h821 _mपुरोहि |
||
| 999 |
_c37299 _d37299 |
||